Mrs. Kamil 2 / (Record no. 4996)

000 -LEADER
fixed length control field 00446nam a2200169 a 4500
005 - DATE AND TIME OF LATEST TRANSACTION
control field 20240612115729.0
008 - FIXED-LENGTH DATA ELEMENTS--GENERAL INFORMATION
fixed length control field 240612t2017 my ||||| |||| 00| 0 may d
020 00 - INTERNATIONAL STANDARD BOOK NUMBER
International Standard Book Number 9789672137122
040 0# - CATALOGING SOURCE
Original cataloging agency AKMAL
082 00 - DEWEY DECIMAL CLASSIFICATION NUMBER
Classification number 899.2333 LAY
090 00 - LOCALLY ASSIGNED LC-TYPE CALL NUMBER (OCLC); LOCAL CALL NUMBER (RLIN)
Classification number (OCLC) (R) ; Classification number, CALL (RLIN) (NR) 899.2333
Local cutter number (OCLC) ; Book number/undivided call number, CALL (RLIN) LAY
245 10 - TITLE STATEMENT
Title Mrs. Kamil 2 /
Statement of responsibility, etc. Laydee Amarfi
260 00 - PUBLICATION, DISTRIBUTION, ETC.
Place of publication, distribution, etc. Selangor :
Name of publisher, distributor, etc. Idea Kreatif Publication,
Date of publication, distribution, etc. 2017
300 ## - PHYSICAL DESCRIPTION
Extent 327p. :
Other physical details ill. ;
Dimensions 18cm
650 00 - SUBJECT ADDED ENTRY--TOPICAL TERM
Topical term or geographic name entry element Malay fiction
942 ## - ADDED ENTRY ELEMENTS (KOHA)
Source of classification or shelving scheme
Koha item type Book
Holdings
Withdrawn status Lost status Source of classification or shelving scheme Damaged status Not for loan Collection code Home library Current library Shelving location Date acquired Source of acquisition Inventory number Full call number Barcode Date last seen Price effective from Koha item type
          FICTION AKMAL Melaka AKMAL Melaka PINJAMAN 12.06.2024 Sumbangan 000303 899.2333 LAY 201708228 12.06.2024 12.06.2024 Book
Pusat Sumber Maklumat Dato' Haji Sarmin Md Hussin, Akademi Kastam Diraja Malaysia, Melaka
Tel: 06-2331106 | Faks: 06-2313787